King Kong on 4th Street : (Record no. 9127)

MARC details
000 -LEADER
fixed length control field 01734cam a2200397 a 4500
001 - CONTROL NUMBER
control field 2125816
003 - CONTROL NUMBER IDENTIFIER
control field OSt
005 - DATE AND TIME OF LATEST TRANSACTION
control field 20240709155828.0
008 - FIXED-LENGTH DATA ELEMENTS--GENERAL INFORMATION
fixed length control field 970730s1997 cou b 001 0 eng
010 ## - LIBRARY OF CONGRESS CONTROL NUMBER
LC control number 97030479
020 ## - INTERNATIONAL STANDARD BOOK NUMBER
International Standard Book Number 0813329361 (hardcover : alk. paper)
020 ## - INTERNATIONAL STANDARD BOOK NUMBER
International Standard Book Number 081332937X (pbk)
040 ## - CATALOGING SOURCE
Transcribing agency must
043 ## - GEOGRAPHIC AREA CODE
Geographic area code n-us-ny
050 00 - LIBRARY OF CONGRESS CALL NUMBER
Classification number HQ557.N5
Item number W65 1998
082 00 - DEWEY DECIMAL CLASSIFICATION NUMBER
Classification number 306.85 WOJ 1998
Edition number 21
100 2# - MAIN ENTRY--PERSONAL NAME
Personal name Wojcicka Sharff, Jagna.
9 (RLIN) 18569
245 00 - TITLE STATEMENT
Title King Kong on 4th Street :
Remainder of title families and the violence of poverty on the Lower East Side /
Statement of responsibility, etc. Jagna Wojcicka Sharff.
246 3# - VARYING FORM OF TITLE
Title proper/short title King Kong on Fourth Street
260 ## - PUBLICATION, DISTRIBUTION, ETC. (IMPRINT)
Place of publication, distribution, etc. Boulder, Colo. :
Name of publisher, distributor, etc. Westview Press,
Date of publication, distribution, etc. 1998.
300 ## - PHYSICAL DESCRIPTION
Extent x, 258 p. ;
Dimensions 24 cm.
440 #0 - SERIES STATEMENT/ADDED ENTRY--TITLE
Title Institutional structures of feeling
9 (RLIN) 18570
504 ## - BIBLIOGRAPHY, ETC. NOTE
Bibliography, etc Includes bibliographical references (p. 239-243) and index.
650 #0 - SUBJECT ADDED ENTRY--TOPICAL TERM
Topical term or geographic name as entry element Families
Geographic subdivision New York (State)
-- New York.
9 (RLIN) 18571
650 #0 - SUBJECT ADDED ENTRY--TOPICAL TERM
Topical term or geographic name as entry element Hispanic American families
Geographic subdivision New York (State)
-- New York.
9 (RLIN) 18572
650 #0 - SUBJECT ADDED ENTRY--TOPICAL TERM
Topical term or geographic name as entry element Poor
Geographic subdivision New York (State)
-- New York.
9 (RLIN) 18573
650 #0 - SUBJECT ADDED ENTRY--TOPICAL TERM
Topical term or geographic name as entry element Sex role
Geographic subdivision New York (State)
-- New York.
9 (RLIN) 18574
650 #0 - SUBJECT ADDED ENTRY--TOPICAL TERM
Topical term or geographic name as entry element Kinship
Geographic subdivision New York (State)
-- New York.
9 (RLIN) 18575
651 #0 - SUBJECT ADDED ENTRY--GEOGRAPHIC NAME
Geographic name Lower East Side (New York, N.Y.)
General subdivision Social conditions.
9 (RLIN) 18576
651 #0 - SUBJECT ADDED ENTRY--GEOGRAPHIC NAME
Geographic name Lower East Side (New York, N.Y.)
General subdivision Economic conditions.
9 (RLIN) 18577
856 42 - ELECTRONIC LOCATION AND ACCESS
Materials specified Contributor biographical information
Uniform Resource Identifier <a href="http://www.loc.gov/catdir/enhancements/fy0833/97030479-b.html">http://www.loc.gov/catdir/enhancements/fy0833/97030479-b.html</a>
856 42 - ELECTRONIC LOCATION AND ACCESS
Materials specified Publisher description
Uniform Resource Identifier <a href="http://www.loc.gov/catdir/enhancements/fy0833/97030479-d.html">http://www.loc.gov/catdir/enhancements/fy0833/97030479-d.html</a>
906 ## - LOCAL DATA ELEMENT F, LDF (RLIN)
a 7
b cbc
c orignew
d 1
e ocip
f 19
g y-gencatlg
942 ## - ADDED ENTRY ELEMENTS (KOHA)
Source of classification or shelving scheme Dewey Decimal Classification
Koha item type Open Shelf
Holdings
Withdrawn status Lost status Source of classification or shelving scheme Damaged status Not for loan Home library Current library Date acquired Source of acquisition Inventory number Total Checkouts Full call number Barcode Date last seen Price effective from Koha item type
    Dewey Decimal Classification     MUST Main Library MUST Main Library 09/07/2024 Purchase 03/20135   306.85 WOJ 1998 2024-21883 09/07/2024 09/07/2024 Open Shelf